Statistics for Top 10 Formula One Drivers Starting With 'B'

Click here to take the quiz!

General Stats

  • This quiz has been taken 64 times
  • The average score is 6 of 10

Answer Stats

Lp.NationalityCareerDriver% Correct
2British2000-2017Jenson Button
98%
4Finnish2013-Valtteri Bottas
98%
3Brazilian1993-2011Rubens Barrichello
96%
1Australian1955-1970Jack Brabham
91%
5Austrian1984-1997Gerhard Berger
76%
7Belgian1983-1993Thierry Boutsen
49%
6British1956-1961Tony Brooks
36%
9Italian1961-1967Lorenzo Bandini
35%
8French1967-1974Jean-Pierre Beltoise
31%
10American1952-1960Jimmy Bryan
15%

Score Distribution

Percentile by Number Answered

Percent of People with Each Score

Your Score History

You have not taken this quiz